The economic impact of Scotland's natural environment (Record no. 109213)

MARC details
000 -LEADER
fixed length control field 01040cad a22002415a 4500
001 - CONTROL NUMBER
control field E146538
008 - FIXED-LENGTH DATA ELEMENTS--GENERAL INFORMATION
fixed length control field 090202s2008 xxk f 000 0 eng d
035 ## - SYSTEM CONTROL NUMBER
System control number (Sirsi) u146538
041 0# - LANGUAGE CODE
Language code of text/sound track or separate title eng
050 04 - LIBRARY OF CONGRESS CALL NUMBER
Classification number 627.4 $2 18
110 2# - MAIN ENTRY--CORPORATE NAME
Corporate name or jurisdiction name as entry element Scottish Natural Heritage
9 (RLIN) 2794
245 04 - TITLE STATEMENT
Title The economic impact of Scotland's natural environment
Remainder of title commissioned report no. 304
Medium [electronic resource]
260 ## - PUBLICATION, DISTRIBUTION, ETC.
Place of publication, distribution, etc. Inverness
Name of publisher, distributor, etc. Scottish Natural Heritage
Date of publication, distribution, etc. 2008
490 #0 - SERIES STATEMENT
Series statement Scottish Natural Heritage Commissioned Report
Volume/sequential designation (304)
520 ## - SUMMARY, ETC.
Summary, etc. Examines the ways in which the natural environment contributes to the growth of the Scottish economy. Describes case studies carried out at Cairngorms National Park and the Borders.
521 ## - TARGET AUDIENCE NOTE
Target audience note Advanced
590 ## - LOCAL NOTE (RLIN)
Local note KA
651 #4 - SUBJECT ADDED ENTRY--GEOGRAPHIC NAME
Geographic name Scotland
Chronological subdivision 1999-
690 ## - LOCAL SUBJECT ADDED ENTRY--TOPICAL TERM (OCLC, RLIN)
Topical term or geographic name as entry element PROPERTY-RURAL AND NATURAL ASSETS
690 ## - LOCAL SUBJECT ADDED ENTRY--TOPICAL TERM (OCLC, RLIN)
Topical term or geographic name as entry element ENVIRONMENTAL AND LAND CONSULTANCY
856 40 - ELECTRONIC LOCATION AND ACCESS
Uniform Resource Identifier <a href="https://www.snh.org.uk/pdfs/publications/commissioned_reports/304.pdf">https://www.snh.org.uk/pdfs/publications/commissioned_reports/304.pdf</a>
Public note View the report free of charge at www.snh.org.uk...
942 ## - ADDED ENTRY ELEMENTS (KOHA)
Suppress in OPAC 0
Holdings
Withdrawn status Lost status Source of classification or shelving scheme Damaged status Not for loan Home library Current library Shelving location Date acquired Total Checkouts Full call number Barcode Date last seen Copy number Price effective from Koha item type
    Dewey Decimal Classification     Virtual Virtual Online 02/02/2009   ONLINE PUBLICATION 146538-2001 06/08/2019 1 06/08/2019 Book